| 000 | 00449nam a2200181Ia 4500 | ||
|---|---|---|---|
| 003 | IIN | ||
| 005 | 20240104131131.0 | ||
| 008 | 231217s9999 xx 000 0 und d | ||
| 020 |
_cRs.550.00 _a9789390619337 |
||
| 040 |
_aIIN _bEnglish |
||
| 082 |
_a428.0071 _bSHA |
||
| 100 | 1 | _aSharma, Liza | |
| 245 | 1 |
_aEnglish _bfor Nurses _cLiza Sharma |
|
| 260 |
_bCBS _aNew Delhi _c2022 |
||
| 300 | _axvi, 472p. | ||
| 650 | 1 |
_aEnglish _vnurses |
|
| 942 | _cBOOK | ||
| 999 |
_c1205 _d1205 |
||